000 01059 a2200169 4500
003 Nust
005 20230210130127.0
040 _cNust
082 _a956,HOS
100 _aHoskins Halford L
_9108898
245 _aThe Middle East /
260 _aNew York
_bMacMillan
505 _aThe Contemporary Middle East I its World Setting (Page-1), Turkey the Straits (Page-18), The Sues Canal as an International Highway (Page-39), The Political Legacy of the Suez Canal (Page-57), Anglo-Egyptian relation in Northeast Africa (Page-78), Israel in the Middle East Complex (Page-98), Aftermath of the Partition of Palestine (Page-120), Arab Nationalism (Page-142), The External Relation of Iran (Page-164), The Oil Factor in idle East Relationship (Page-189), Strategic Aspects of Middle East Oil (Page-214), The Point Four Balance in the Middle East Ledger (Page-232), Question of Strategy in Middle East Defense (Page-255), The Search for Situation of Strength (Page-275).
600 _aHalford L.Hoskins
_9108899
650 _aMiddle East
_9523
942 _2ddc
_cBK
999 _c187010
_d187010